000 00266nam a2200109 a 4500
008 111125s2003|||| d
100 1 _aSikula, Petr
245 1 0 _aMoravskoslezský kraj
260 _bMoravskoslezsky kraj
_aOstrava
_c2003
020 _c100
044 _aSk
999 _c18319
_d18319